[Event "29. Friedensfest-Open (AFRO-A)"]
[Site "Augsburg"]
[Date "2024.08.10"]
[Round "5.41"]
[White "Pellegrini, Noah"]
[Black "Kelembet, Maksym"]
[Result "1/2-1/2"]
[WhiteElo "1919"]
[BlackElo "1864"]
[EventDate "2024.08.08"]
[Time "09:30:00"]
[WhiteNrv "1919"]
[BlackNrv "1864"]
[WhiteTwz "1919"]
[BlackTwz "1864"]
[WhiteFideId "1354094"]
[BlackFideId "34684735"]
[BlackNatFedId "10828571"]
[WhiteAttr "M"]
[BlackAttr "M"]
[WhiteTeam "?"]
[BlackTeam "SV Jedesheim 1921"]
[PlyCount "0"]

1.e4 c5 2.Nf3 e6 3.c3 d5 4.exd5 Qxd5 5.Na3 Nf6 6.Be2 Be7 7.d4 O-O 8.Nc2 
Nc6 9.O-O cxd4 10.Ncxd4 a6 11.Qb3 Bd7 12.Rd1 Qa5 13.Qc2 Qc7 14.Bg5 h6 15.
Bh4 Rfd8 16.Bg3 Bd6 17.Nb5 axb5 18.Bxd6 Qb6 19.Ne5 Nd5 20.Nxd7 Rxd7 21.Bg3
b4 22.c4 Nf6 23.Rxd7 Nxd7 24.Qe4 Nc5 25.Qe3 Ra5 26.Bd6 Qa7 27.h4 b6 28.Bf3
Ne7 29.Kh2 Nf5 30.Qf4 Nd3 31.Qg4 Nxd6 32.Qd4 Qc7 33.Qxd3 Nxc4+ 34.g3 Ne5 
35.Qe3 Nxf3+ 36.Qxf3 Rd5 37.Rd1 Qc2 38.Rxd5 exd5 39.Qxd5 Qxf2+ 40.Kh3 Qf1+
41.Kh2 Qe2+ 42.Kh1 Qe6 43.Qd8+ Kh7 44.Qd3+ g6 45.a3 Qe1+ 46.Kg2 Qe5 47.Qb3
Qe4+ 48.Kh2 Qe2+ 49.Kg1 Qe1+ 50.Kg2 Qe4+ 51.Kh2 1/2-1/2

[Event "29. Friedensfest-Open (AFRO-A)"]
[Site "Augsburg"]
[Date "2024.08.10"]
[Round "5.42"]
[White "Latka, Richard"]
[Black "Elsinga, Brian"]
[Result "0-1"]
[WhiteElo "1911"]
[BlackElo "1811"]
[EventDate "2024.08.08"]
[Time "09:30:00"]
[WhiteNrv "1911"]
[BlackNrv "1811"]
[WhiteTwz "1911"]
[BlackTwz "1811"]
[WhiteFideId "24690082"]
[BlackFideId "1089439"]
[WhiteNatFedId "10262408"]
[WhiteAttr "M"]
[BlackAttr "M"]
[WhiteTeam "fuss brothers Jena"]
[BlackTeam "?"]
[PlyCount "0"]

1.e4 c5 2.Nf3 d6 3.b4 cxb4 4.d4 Bg4 5.Bc4 e6 6.a3 bxa3 7.O-O Be7 8.Nbd2 
Nf6 9.h3 Bxf3 10.Qxf3 d5 11.Bb5+ Nc6 12.e5 Nd7 13.Qg4 O-O 14.Nf3 Re8 15.
Ng5 Bxg5 16.Bxg5 f6 17.Bh4 Qe7 18.f4 f5 19.Qg3 Qb4 20.Bf6 Nxf6 21.exf6 
Qxd4+ 22.Kh1 Qxf6 23.Rxa3 a6 24.Bxc6 bxc6 25.Rfa1 Qb2 26.Rxa6 Rxa6 27.Rxa6
Qxc2 28.Ra7 Qb2 29.Rc7 Qf6 30.Rxc6 Rd8 31.Qe1 Kf7 32.Rc7+ Kg8 33.Rc6 Re8 
34.Rd6 Qe7 35.Qe5 Kf7 36.Rc6 Qf6 37.Qe2 Qa1+ 38.Kh2 Qd4 39.Qh5+ Kf8 40.Qg5
h6 41.Qg3 e5 42.Qa3+ Kg8 43.fxe5 Qxe5+ 44.Kh1 d4 45.Rd6 Qe3 46.Qa2+ Kh7 
47.Qa1 Qg3 48.Rxh6+ Kxh6 49.Qc1+ Kh7 0-1

[Event "29. Friedensfest-Open (AFRO-A)"]
[Site "Augsburg"]
[Date "2024.08.10"]
[Round "5.43"]
[White "Khamenya, Vitalia"]
[Black "Oezkurt, Kaan"]
[Result "1-0"]
[WhiteElo "1901"]
[BlackElo "1701"]
[EventDate "2024.08.08"]
[Time "09:30:00"]
[WhiteNrv "1901"]
[BlackNrv "1701"]
[WhiteTwz "1901"]
[BlackTwz "1701"]
[WhiteFideId "12959260"]
[BlackFideId "34655182"]
[WhiteNatFedId "10271198"]
[BlackNatFedId "10722110"]
[WhiteAttr "W"]
[BlackAttr "M"]
[WhiteTeam "SK Graefelfing"]
[BlackTeam "SK Freising"]
[PlyCount "0"]

1.e4 e6 2.d4 d5 3.Nd2 dxe4 4.Nxe4 Bd7 5.Nf3 Bc6 6.Bd3 Nd7 7.O-O Ngf6 8.Qe2
Nxe4 9.Bxe4 Bxe4 10.Qxe4 c6 11.c4 Nf6 12.Qe2 Be7 13.Rd1 O-O 14.Bg5 h6 15.
Bf4 Re8 16.Rd3 Nh5 17.Be3 Nf6 18.Ne5 Nd7 19.Rad1 Qc7 20.Nxd7 Qxd7 21.Qg4 
Kh8 22.Bxh6 gxh6 23.Rh3 Kh7 24.Rdd3 Rg8 25.Rxh6+ Kxh6 26.Rh3+ 1-0

[Event "29. Friedensfest-Open (AFRO-A)"]
[Site "Augsburg"]
[Date "2024.08.10"]
[Round "5.44"]
[White "Pachmayr, Stefan"]
[Black "Stoll, Katja"]
[Result "0-1"]
[WhiteElo "1776"]
[BlackElo "1899"]
[EventDate "2024.08.08"]
[Time "09:30:00"]
[WhiteNrv "1776"]
[BlackNrv "1899"]
[WhiteTwz "1776"]
[BlackTwz "1899"]
[WhiteFideId "356285791"]
[BlackFideId "1271730"]
[WhiteNatFedId "10136414"]
[BlackNatFedId "10216731"]
[WhiteAttr "*"]
[BlackAttr "W"]
[WhiteTeam "SF Dachau 1932 e.V."]
[BlackTeam "SC Weisse Dame Ulm e.V."]
[PlyCount "0"]

1.d4 d5 2.Nf3 Nf6 3.c4 c6 4.e3 e6 5.Bd3 dxc4 6.Bxc4 b5 7.Be2 Nbd7 8.O-O 
Be7 9.b3 a6 10.Bb2 O-O 11.Nbd2 c5 12.Rc1 Bb7 13.Qc2 Rc8 14.Qb1 Nd5 15.Rfd1
Qb6 16.Ne4 f5 17.dxc5 Nxc5 18.Nxc5 Bxc5 19.Bd4 Bxd4 20.Nxd4 Nc3 21.Rxc3 
Rxc3 22.a4 bxa4 23.Bc4 axb3 24.Bxb3 Kh8 25.Bxe6 Qxb1 26.Rxb1 Be4 27.Ra1 
Rb8 28.h3 Rb1+ 29.Rxb1 Bxb1 30.Nxf5 Bxf5 31.Bxf5 Rc1+ 32.Kh2 a5 33.Kg3 a4 
34.Kf4 a3 35.Be6 Rc2 0-1

[Event "29. Friedensfest-Open (AFRO-A)"]
[Site "Augsburg"]
[Date "2024.08.10"]
[Round "5.45"]
[White "Yaroshenko, Yaroslav"]
[Black "Bilous, Danylo"]
[Result "1-0"]
[WhiteElo "1899"]
[BlackElo "1797"]
[EventDate "2024.08.08"]
[Time "09:30:00"]
[WhiteNrv "1899"]
[BlackNrv "1797"]
[WhiteTwz "1899"]
[BlackTwz "1797"]
[WhiteFideId "16204905"]
[BlackFideId "34130004"]
[WhiteNatFedId "10277356"]
[BlackNatFedId "10754362"]
[WhiteAttr "M"]
[BlackAttr "M"]
[WhiteTeam "SK Graefelfing"]
[BlackTeam "SG Buechenbach/Roth e.V."]
[PlyCount "0"]

1.e4 c5 2.d4 cxd4 3.c3 d3 4.Bxd3 g6 5.Nf3 Bg7 6.O-O d6 7.h3 Nf6 8.c4 O-O 
9.Nc3 Nbd7 10.Be3 Nc5 11.Bc2 b6 12.Bd4 Bb7 13.Qe2 e5 14.Bxc5 bxc5 15.Rfd1 
Qb6 16.Ba4 Rad8 17.Rab1 Nd7 18.a3 Ba8 19.Nd5 Qa5 20.Bc6 Bxc6 21.Ne7+ Kh8 
22.Nxc6 Qc7 23.Nxd8 Rxd8 24.Qd3 Nf8 25.Qd5 Ne6 26.g3 Nd4 27.Nxd4 exd4 28.
b4 Be5 29.Rd3 Rb8 30.Rdb3 cxb4 31.Rxb4 Rb6 32.Rxb6 axb6 33.Qb5 Qc5 34.Qxc5
bxc5 35.f4 Bf6 36.a4 d3 37.a5 d2 38.a6 Bb2 39.a7 Bc1 40.a8=Q+ Kg7 41.Qa1+ 
Kh6 42.Rxc1 1-0

[Event "29. Friedensfest-Open (AFRO-A)"]
[Site "Augsburg"]
[Date "2024.08.10"]
[Round "5.46"]
[White "Gleiser, Maximilian"]
[Black "Sadighi, Armin"]
[Result "1-0"]
[WhiteElo "1854"]
[BlackElo "1737"]
[EventDate "2024.08.08"]
[Time "09:30:00"]
[WhiteNrv "1854"]
[BlackNrv "1737"]
[WhiteTwz "1854"]
[BlackTwz "1737"]
[WhiteFideId "533001596"]
[BlackFideId "16279956"]
[BlackNatFedId "10806328"]
[WhiteAttr "M"]
[BlackAttr "M"]
[WhiteTeam "?"]
[BlackTeam "MSA Zugzwang 82 e.V."]
[PlyCount "0"]

1.e4 e6 2.d4 d5 3.e5 Bd7 4.Nf3 a6 5.Bd3 Bb5 6.O-O Bxd3 7.Qxd3 c5 8.c4 Nc6 
9.cxd5 Qxd5 10.Nc3 Qd7 11.Na4 Nb4 12.Qd1 Rd8 13.Bg5 f6 14.exf6 Nxf6 15.a3 
Nc6 16.Nxc5 Bxc5 17.dxc5 Qf7 18.Qe2 O-O 19.Rad1 Rd5 20.Rfe1 Rxd1 21.Rxd1 
Nd5 22.Re1 Nc7 23.Bh4 h6 24.Bg3 Re8 25.b4 Nd5 26.h3 Kh8 27.Nd2 Nd4 28.Qd3 
Nf5 29.Be5 Nde7 30.Qd7 Qg6 31.Qxb7 Nh4 32.Qe4 Nef5 33.Bg3 Qg5 34.Nf3 Nxf3+
35.Qxf3 Qd2 36.Rd1 Qb2 37.Qd3 Rf8 38.Rd2 Qc1+ 39.Kh2 g5 40.Be5+ Kg8 41.Qd7
Qc4 42.g4 Rf7 43.Qe8+ 1-0

[Event "29. Friedensfest-Open (AFRO-A)"]
[Site "Augsburg"]
[Date "2024.08.10"]
[Round "5.47"]
[White "Sitzler, Matthias"]
[Black "Ranganathan, Aadith"]
[Result "1/2-1/2"]
[WhiteElo "1838"]
[BlackElo "1666"]
[EventDate "2024.08.08"]
[Time "09:30:00"]
[WhiteNrv "1838"]
[BlackNrv "1666"]
[WhiteTwz "1838"]
[BlackTwz "1666"]
[WhiteFideId "12981079"]
[BlackFideId "34667121"]
[BlackNatFedId "10806334"]
[WhiteAttr "M"]
[BlackAttr "M"]
[WhiteTeam "vereinslos"]
[BlackTeam "SC Unterhaching e.V."]
[PlyCount "0"]

1.d4 d5 2.Nf3 Nf6 3.Bf4 Bf5 4.e3 Nbd7 5.Bd3 Bxd3 6.cxd3 e6 7.O-O Be7 8.Nc3
c6 9.h3 O-O 10.Qe2 Re8 11.Rab1 a5 12.e4 Nb6 13.Rfd1 c5 14.dxc5 Bxc5 15.Nb5
Rc8 16.Rbc1 d4 17.Bh2 Qd7 18.Na7 Ra8 19.Rxc5 Rxa7 20.Rc7 Qd8 21.Rdc1 Na8 
22.R7c4 b5 23.Rxd4 Rd7 24.Rxd7 Qxd7 25.Ne5 Rc8 26.Qe1 Qe8 27.Ng4 Nxg4 28.
hxg4 b4 29.Qe3 h6 30.Bf4 Qd7 31.Rxc8+ Qxc8 32.Qc1 Qd7 33.Qc2 Kh7 34.g5 
hxg5 35.Bxg5 Qb5 36.Be3 a4 37.Qc4 Qh5 38.f3 a3 39.Qxb4 axb2 40.Qxb2 Qa5 
41.Bd2 Qc5+ 42.d4 Qc4 43.a3 Qe2 44.Qc3 Nb6 45.Bf4 Nc4 46.d5 exd5 47.exd5 
Qd1+ 48.Kh2 Qxd5 49.a4 Qh5+ 50.Kg1 Qc5+ 51.Kf1 Qd5 52.Qc2+ g6 53.Bc1 Qc6 
54.Qb3 Qd5 55.Ke2 Qe6+ 56.Kd3 Ne5+ 57.Kc3 Qc6+ 58.Kb2 Nc4+ 59.Ka2 Kg8 60.
Qb8+ Kh7 61.Qb3 Kg8 62.Qb8+ Kh7 63.Qb3 1/2-1/2

[Event "29. Friedensfest-Open (AFRO-A)"]
[Site "Augsburg"]
[Date "2024.08.10"]
[Round "5.50"]
[White "Zimmer, Christian"]
[Black "Zimmer, Maximilian"]
[Result "1/2-1/2"]
[WhiteElo "1757"]
[BlackElo "1610"]
[EventDate "2024.08.08"]
[Time "09:30:00"]
[WhiteNrv "1757"]
[BlackNrv "1610"]
[WhiteTwz "1757"]
[BlackTwz "1610"]
[WhiteFideId "16274423"]
[BlackFideId "16285727"]
[WhiteNatFedId "10680572"]
[BlackNatFedId "10680574"]
[WhiteAttr "M"]
[BlackAttr "M"]
[WhiteTeam "SC Heideck-Hilpoltstein"]
[BlackTeam "SC Heideck-Hilpoltstein"]
[PlyCount "0"]

1.e4 c5 2.Nf3 d6 3.d4 cxd4 4.Nxd4 Nf6 5.Nc3 g6 6.Be3 Bg7 7.Be2 Nc6 8.O-O 
O-O 9.Qd2 Bd7 10.Rad1 Rc8 11.Nxc6 bxc6 12.Bh6 Rb8 13.Bxg7 Kxg7 14.Rb1 Be6 
15.h3 d5 16.exd5 cxd5 17.Rfd1 Qd7 18.Qd4 Rfc8 19.Ba6 Rd8 20.Bd3 1/2-1/2

[Event "29. Friedensfest-Open (AFRO-A)"]
[Site "Augsburg"]
[Date "2024.08.10"]
[Round "6.1"]
[White "Alvir, Aco"]
[Black "Poetsch, Hagen"]
[Result "1/2-1/2"]
[WhiteElo "2290"]
[BlackElo "2453"]
[EventDate "2024.08.08"]
[Time "15:30:00"]
[WhiteNrv "2290"]
[BlackNrv "2453"]
[WhiteTwz "2290"]
[BlackTwz "2453"]
[WhiteTitle "IM"]
[BlackTitle "GM"]
[WhiteFideId "14400367"]
[BlackFideId "24615137"]
[WhiteNatFedId "10496782"]
[BlackNatFedId "10165992"]
[WhiteAttr "M"]
[BlackAttr "M"]
[WhiteTeam "Muenchener SC 1836 e.V."]
[BlackTeam "SC Heusenstamm"]
[PlyCount "0"]

1.e4 e6 2.d4 d5 3.Nc3 Nf6 4.Bg5 dxe4 5.Nxe4 Be7 6.Nxf6+ Bxf6 7.Bxf6 Qxf6 
8.Nf3 O-O 9.Qd2 b6 10.O-O-O Bb7 11.Be2 Nd7 12.Rhg1 c5 13.Qg5 Rac8 14.Qxf6 
gxf6 15.dxc5 Nxc5 16.Nd4 1/2-1/2

[Event "29. Friedensfest-Open (AFRO-A)"]
[Site "Augsburg"]
[Date "2024.08.10"]
[Round "6.2"]
[White "Ovsepyan, Arshak"]
[Black "Latka, Robert"]
[Result "1-0"]
[WhiteElo "2208"]
[BlackElo "1837"]
[EventDate "2024.08.08"]
[Time "15:30:00"]
[WhiteNrv "2208"]
[BlackNrv "1837"]
[WhiteTwz "2208"]
[BlackTwz "1837"]
[WhiteFideId "24690236"]
[BlackFideId "24690074"]
[WhiteNatFedId "10262433"]
[BlackNatFedId "10124815"]
[WhiteAttr "M"]
[BlackAttr "M"]
[WhiteTeam "SK Graefelfing"]
[BlackTeam "fuss brothers Jena"]
[PlyCount "0"]

1.c4 e5 2.g3 Nf6 3.Bg2 c6 4.d4 exd4 5.Qxd4 d5 6.Nf3 Bb4+ 7.Bd2 Bxd2+ 8.
Nbxd2 O-O 9.O-O dxc4 10.Nxc4 Be6 11.Nd6 Qe7 12.e4 Rd8 13.Rfd1 Na6 14.Nh4 
Rd7 15.e5 Ne8 16.f4 Rad8 17.f5 Bd5 18.f6 Qe6 19.Bxd5 cxd5 20.fxg7 Nxd6 21.
exd6 Rxd6 22.Re1 Qf6 23.Qg4 d4 24.Nf5 Re6 25.Rf1 d3 26.Qh5 Rd7 27.Rae1 Qg6
28.Rxe6 fxe6 29.Nh6+ Kxg7 30.Qe5+ 1-0

[Event "29. Friedensfest-Open (AFRO-A)"]
[Site "Augsburg"]
[Date "2024.08.10"]
[Round "6.3"]
[White "Thielke, Pascal"]
[Black "Reis, Thomas"]
[Result "0-1"]
[WhiteElo "1779"]
[BlackElo "2195"]
[EventDate "2024.08.08"]
[Time "15:30:00"]
[WhiteNrv "1779"]
[BlackNrv "2195"]
[WhiteTwz "1779"]
[BlackTwz "2195"]
[WhiteFideId "16241576"]
[BlackFideId "4678699"]
[WhiteNatFedId "10579625"]
[BlackNatFedId "10174084"]
[WhiteAttr "M"]
[BlackAttr "M"]
[WhiteTeam "SF Bad Groenenbach"]
[BlackTeam "SK Kriegshaber"]
[PlyCount "0"]

1.e4 e5 2.Nf3 Nc6 3.Bc4 Nf6 4.d4 exd4 5.O-O Nxe4 6.Nc3 Nxc3 7.bxc3 d5 8.
Bb5 Be7 9.cxd4 O-O 10.Bxc6 bxc6 11.Ne5 Bd7 12.Qe2 f6 13.Nd3 Bd6 14.Nc5 Re8
15.Qa6 Bxc5 16.dxc5 Qc8 17.Qa5 Bf5 18.Bf4 Bxc2 19.Rfe1 Qb7 20.Qxc7 Qxc7 
21.Bxc7 d4 22.f3 d3 23.Ba5 Kf7 24.Kf2 Rab8 25.Rxe8 Kxe8 26.a4 Kd7 27.Ke1 
Re8+ 28.Kf2 Re2+ 29.Kf1 Re5 30.Bb4 Rh5 31.h3 Rd5 32.Ke1 Rd4 33.Bd2 Rxa4 
34.Rxa4 Bxa4 35.Bf4 Ke6 36.Kd2 Bb5 37.Kc3 Kd5 38.Be3 d2 39.Bxd2 Bf1 40.g3 
Bxh3 41.Kd3 Bf1+ 42.Kc3 h5 43.Be1 Be2 44.f4 Ke4 45.Kd2 Bf1 46.Kc2 Ke3 47.
Kd1 Be2+ 48.Kc2 Bg4 0-1

[Event "29. Friedensfest-Open (AFRO-A)"]
[Site "Augsburg"]
[Date "2024.08.10"]
[Round "6.4"]
[White "Duong, Quang Bach"]
[Black "Vuckovic, Zarko"]
[Result "1/2-1/2"]
[WhiteElo "2100"]
[BlackElo "2353"]
[EventDate "2024.08.08"]
[Time "15:30:00"]
[WhiteNrv "2100"]
[BlackNrv "2353"]
[WhiteTwz "2100"]
[BlackTwz "2353"]
[WhiteFideId "16287045"]
[BlackFideId "12952087"]
[WhiteNatFedId "10626174"]
[BlackNatFedId "10284643"]
[WhiteAttr "M"]
[BlackAttr "M"]
[WhiteTeam "SF Augsburg"]
[BlackTeam "SF Augsburg"]
[PlyCount "0"]

1.c4 e5 2.Nc3 Bb4 3.Nd5 Bc5 4.e3 Nf6 5.b4 Be7 6.Nxe7 Qxe7 7.Bb2 O-O 8.Ne2 
a5 9.a3 b6 10.Ng3 Bb7 11.Bd3 Na6 12.b5 Nc5 13.Bc2 d6 14.O-O Nce4 1/2-1/2

[Event "29. Friedensfest-Open (AFRO-A)"]
[Site "Augsburg"]
[Date "2024.08.10"]
[Round "6.5"]
[White "Doll, Luca Fabio"]
[Black "Gibicar, Danijel"]
[Result "0-1"]
[WhiteElo "1908"]
[BlackElo "2269"]
[EventDate "2024.08.08"]
[Time "15:30:00"]
[WhiteNrv "1908"]
[BlackNrv "2269"]
[WhiteTwz "1908"]
[BlackTwz "2269"]
[BlackTitle "FM"]
[WhiteFideId "16282299"]
[BlackFideId "24660256"]
[WhiteNatFedId "10672379"]
[BlackNatFedId "10060994"]
[WhiteAttr "*"]
[BlackAttr "M"]
[WhiteTeam "TSV Langenau"]
[BlackTeam "SC Eppingen"]
[PlyCount "0"]

1.e4 e6 2.d4 d5 3.Nd2 a6 4.Ngf3 c5 5.Bd3 Nc6 6.dxc5 Bxc5 7.Nb3 Bb6 8.exd5 
Qxd5 9.O-O Nf6 10.Bf4 Nb4 11.Ne5 Nxd3 12.Qxd3 Qxd3 13.Nxd3 O-O 14.c4 Bd7 
15.c5 Ba7 16.Bd6 Rfc8 17.Rac1 Bb5 18.Rfd1 Ne4 19.Nb4 Ba4 20.Nd3 Rd8 21.Ne5
f6 22.Nc4 Bxb3 23.axb3 Nxc5 24.Bxc5 Bxc5 25.Na5 b6 26.Rxd8+ Rxd8 27.Nb7 
Rd5 28.Nxc5 Rxc5 29.Rxc5 bxc5 30.Kf1 Kf7 31.Ke2 Ke7 32.Kd3 Kd6 33.Kc4 Kc6 
34.b4 cxb4 35.Kxb4 Kb6 0-1

[Event "29. Friedensfest-Open (AFRO-A)"]
[Site "Augsburg"]
[Date "2024.08.10"]
[Round "6.6"]
[White "Bilchinski, Anton"]
[Black "Bodriyenko, Markiyan"]
[Result "1-0"]
[WhiteElo "2204"]
[BlackElo "1889"]
[EventDate "2024.08.08"]
[Time "15:30:00"]
[WhiteNrv "2204"]
[BlackNrv "1889"]
[WhiteTwz "2204"]
[BlackTwz "1889"]
[WhiteTitle "FM"]
[WhiteFideId "24615765"]
[BlackFideId "34606696"]
[WhiteNatFedId "10254221"]
[BlackNatFedId "10682789"]
[WhiteAttr "M"]
[BlackAttr "M"]
[WhiteTeam "SC Eppingen"]
[BlackTeam "SF 59 Kornwestheim"]
[PlyCount "0"]

1.Nf3 f5 2.d4 Nf6 3.c4 e6 4.g3 d5 5.Bg2 c6 6.Qc2 Bd6 7.O-O Nbd7 8.Nc3 Ne4 
9.Rb1 a5 10.c5 Be7 11.b3 Bf6 12.Bb2 O-O 13.Na4 Qc7 14.e3 e5 15.Nb6 Nxb6 
16.cxb6 Qxb6 17.Nxe5 Be6 18.f3 Ng5 19.Nd3 Bf7 20.Nc5 Qc7 21.Rbc1 Qe7 22.
Rfe1 Bh5 23.Kf2 Bg6 24.Qd2 Rfe8 25.a4 Ne6 26.Nd3 Qc7 27.f4 Qd7 28.Bf3 Qf7 
29.Bc3 b6 30.Bb2 Rec8 31.Ba3 Qd7 32.h4 h5 33.Qe2 Qe8 34.Rc2 Nd8 35.Rec1 
Bf7 36.Qd2 Ne6 37.Bd6 Nxd4 38.exd4 Bxd4+ 39.Kg2 Be3 40.Qd1 Bxc1 41.Qxc1 
Qe6 42.Be5 Qd7 43.Ba1 Be8 44.Ne5 Qd6 45.Qd1 Qb4 46.Nxc6 Qf8 47.Bxd5+ Bf7 
48.Be5 Qe8 49.Qf3 Qd7 50.Bxf7+ Kxf7 51.Qxh5+ Kg8 52.Qf3 Re8 53.Nd4 Rad8 
54.Rc7 Qxc7 55.Bxc7 Rxd4 56.Be5 Rd2+ 57.Kh3 g5 58.hxg5 Re7 59.g6 1-0

[Event "29. Friedensfest-Open (AFRO-A)"]
[Site "Augsburg"]
[Date "2024.08.10"]
[Round "6.7"]
[White "Zill, Christoph"]
[Black "Franke, Maximilian"]
[Result "1-0"]
[WhiteElo "2140"]
[BlackElo "1834"]
[EventDate "2024.08.08"]
[Time "15:30:00"]
[WhiteNrv "2140"]
[BlackNrv "1834"]
[WhiteTwz "2140"]
[BlackTwz "1834"]
[WhiteTitle "FM"]
[WhiteFideId "4688856"]
[BlackFideId "16271114"]
[WhiteNatFedId "10250521"]
[BlackNatFedId "10053132"]
[WhiteAttr "M"]
[BlackAttr "M"]
[WhiteTeam "SK Freising"]
[BlackTeam "SC Bavaria Regensburg vo"]
[PlyCount "0"]

1.e4 c5 2.Nc3 Nc6 3.Bb5 Nd4 4.Nf3 g6 5.O-O Bg7 6.Re1 e6 7.Nxd4 cxd4 8.Ne2 
a6 9.Bd3 Ne7 10.c3 Nc6 11.cxd4 Nxd4 12.Nxd4 Bxd4 13.Rb1 O-O 14.b3 d5 15.
Ba3 Qf6 16.Qe2 dxe4 17.Bxe4 Rd8 18.Rbc1 Rb8 19.Bc5 Bb2 20.Rc2 b6 21.Be3 
Be5 22.g3 Rd7 23.Bxb6 Rxb6 24.Rxc8+ Kg7 25.Rec1 Rb4 26.R1c4 Rb6 27.R8c6 
Rd6 28.Rxb6 Rxb6 29.d3 Rb8 30.Qd2 h5 31.Rc6 h4 32.Rxa6 hxg3 33.hxg3 Bd4 
34.Ra8 Rb5 35.Qf4 Qe7 36.Bxg6 Bxf2+ 37.Qxf2 fxg6 38.Ra7 Rb7 39.Qd4+ Kf7 
40.Rxb7 Qxb7 41.Kf2 Qc6 42.Qc4 Qh1 43.Qf4+ Kg7 44.a4 Qd1 45.Qe5+ Kf7 46.
Qc7+ Kf6 47.Qc3+ Kf7 48.a5 Qh1 49.Qc7+ Kf6 50.Qf4+ Kg7 51.b4 Qd5 52.Qe4 
Qa2+ 53.Ke3 Kf7 54.Qf4+ Ke7 55.Qc7+ Kf8 56.Qc3 Qb1 57.Qf6+ 1-0

[Event "29. Friedensfest-Open (AFRO-A)"]
[Site "Augsburg"]
[Date "2024.08.10"]
[Round "6.8"]
[White "Zieringer, Sebastian"]
[Black "Seyb, Dieter"]
[Result "1/2-1/2"]
[WhiteElo "1892"]
[BlackElo "2138"]
[EventDate "2024.08.08"]
[Time "15:30:00"]
[WhiteNrv "1892"]
[BlackNrv "2138"]
[WhiteTwz "1892"]
[BlackTwz "2138"]
[BlackTitle "FM"]
[WhiteFideId "16222008"]
[BlackFideId "4603346"]
[WhiteNatFedId "10288090"]
[BlackNatFedId "10207061"]
[WhiteAttr "M"]
[BlackAttr "M"]
[WhiteTeam "SK Graefelfing"]
[BlackTeam "FSV Grossenseebach"]
[PlyCount "0"]

1.e4 Nc6 2.Nc3 Nf6 3.d4 d5 4.e5 Ne4 5.f3 Nxc3 6.bxc3 f6 7.f4 Bf5 8.Bd3 Qd7
9.Nf3 O-O-O 10.O-O Be4 11.Be3 f5 12.Qe2 Na5 13.Bb5 c6 14.Bd3 e6 15.Nd2 Ba3
16.Nb3 Nc4 17.Bxc4 dxc4 18.Qxc4 Bxc2 19.Qa4 Be7 20.Qxa7 Qc7 21.Nc5 Bxc5 
22.Qxc5 Rd5 23.Qb4 Rb5 24.Qc4 Qd7 25.a4 Ra5 26.Qb4 Ra6 27.c4 Be4 28.Rf2 
Qc7 29.Rb2 c5 30.dxc5 Rd8 31.Rd2 Rxd2 32.Qxd2 Qd7 33.a5 Qxd2 34.Bxd2 Kd7 
35.Rd1 Bc2 36.Rc1 Be4 37.Bb4 Bc6 38.Rd1+ Ke7 39.Kf2 Ra8 40.h3 g6 41.g3 
1/2-1/2

[Event "29. Friedensfest-Open (AFRO-A)"]
[Site "Augsburg"]
[Date "2024.08.10"]
[Round "6.9"]
[White "Heilig, Tim Markus"]
[Black "Litzka, Richard"]
[Result "0-1"]
[WhiteElo "1851"]
[BlackElo "2119"]
[EventDate "2024.08.08"]
[Time "15:30:00"]
[WhiteNrv "1851"]
[BlackNrv "2119"]
[WhiteTwz "1851"]
[BlackTwz "2119"]
[WhiteFideId "16295935"]
[BlackFideId "12971731"]
[WhiteNatFedId "10692999"]
[BlackNatFedId "10261519"]
[WhiteAttr "M"]
[BlackAttr "M"]
[WhiteTeam "SF 1876 Goeppingen"]
[BlackTeam "FC Bayern Muenchen e.V."]
[PlyCount "0"]

1.e4 c5 2.c3 d5 3.exd5 Qxd5 4.d4 Nf6 5.Nf3 e6 6.Na3 Nc6 7.Nb5 Qd8 8.dxc5 
Bxc5 9.Qxd8+ Kxd8 10.Bf4 Ne4 11.Bg3 a6 12.Nbd4 Nxd4 13.Nxd4 Nxg3 14.hxg3 
Ke7 15.Rd1 Bd7 16.Be2 Rad8 17.Bf3 Bc8 18.Ke2 h6 19.Nb3 Bb6 20.c4 Rxd1 21.
Rxd1 Rd8 22.Rxd8 Bxd8 23.Nd4 Kd6 24.b4 b6 25.Kd3 e5 26.Nb3 f5 27.Bd5 e4+ 
28.Ke2 Bf6 29.Kd2 Bg5+ 30.Ke2 Ke5 31.a4 Be7 32.b5 axb5 33.axb5 Bd7 34.Bf7 
g5 35.Bg8 f4 36.gxf4+ gxf4 37.Bf7 Bb4 38.Bg8 h5 39.Bf7 h4 40.f3 Bf5 41.Bd5
e3 42.Bf7 Bc2 43.Na1 Ba4 44.Kd3 Bd1 0-1

[Event "29. Friedensfest-Open (AFRO-A)"]
[Site "Augsburg"]
[Date "2024.08.10"]
[Round "6.10"]
[White "Steinberger, Michael"]
[Black "Foerch, Benedikt"]
[Result "1/2-1/2"]
[WhiteElo "1819"]
[BlackElo "2102"]
[EventDate "2024.08.08"]
[Time "15:30:00"]
[WhiteNrv "1819"]
[BlackNrv "2102"]
[WhiteTwz "1819"]
[BlackTwz "2102"]
[WhiteFideId "34622373"]
[BlackFideId "16228758"]
[WhiteNatFedId "10612014"]
[BlackNatFedId "10052041"]
[WhiteAttr "M"]
[BlackAttr "M"]
[WhiteTeam "SF Augsburg"]
[BlackTeam "SK Neuburg"]
[PlyCount "0"]

1.e4 c6 2.Nf3 d5 3.d3 dxe4 4.dxe4 Qxd1+ 5.Kxd1 Nf6 6.Nfd2 g6 7.f3 Bh6 8.
Nb3 Bxc1 9.Kxc1 Nbd7 10.N1d2 Nb6 11.a4 a5 12.Nc4 Nxc4 13.Bxc4 O-O 14.c3 
Rd8 15.Kc2 b6 16.Rhd1 Bb7 17.Be2 Kf8 18.Rxd8+ Rxd8 19.Nd2 Nd7 20.b4 Ra8 
21.Nc4 Ba6 22.Bd3 Bxc4 23.Bxc4 e6 24.Rd1 Ke7 25.b5 c5 26.f4 Rd8 27.Rf1 f6 
28.Re1 Rf8 29.h4 Rh8 30.Kd3 Kd6 31.Ke3 h6 32.g3 Re8 1/2-1/2

[Event "29. Friedensfest-Open (AFRO-A)"]
[Site "Augsburg"]
[Date "2024.08.10"]
[Round "6.11"]
[White "Wolf, Armin"]
[Black "Struck, Christian"]
[Result "1-0"]
[WhiteElo "2216"]
[BlackElo "1965"]
[EventDate "2024.08.08"]
[Time "15:30:00"]
[WhiteNrv "2216"]
[BlackNrv "1965"]
[WhiteTwz "2216"]
[BlackTwz "1965"]
[WhiteTitle "FM"]
[WhiteFideId "4685954"]
[BlackFideId "16269497"]
[WhiteNatFedId "10245952"]
[BlackNatFedId "10218366"]
[WhiteAttr "M"]
[BlackAttr "M"]
[WhiteTeam "SAbt TSV Haunstetten"]
[BlackTeam "SF Augsburg"]
[PlyCount "0"]

1.e4 d6 2.d4 Nf6 3.Nc3 e5 4.Nf3 Nbd7 5.g3 Be7 6.Bg2 c6 7.a4 b6 8.O-O O-O 
9.h3 Qc7 10.Nh4 Re8 11.Nf5 Bf8 12.Kh2 a6 13.f4 Bb7 14.fxe5 dxe5 15.d5 cxd5
16.exd5 Qd8 17.g4 Kh8 18.g5 Ng8 19.Ne4 Nc5 20.c4 g6 21.Nfg3 Nxe4 22.Nxe4 
Qc7 23.b3 Bg7 24.Ba3 Rad8 25.Qf3 Rd7 26.h4 f5 27.gxf6 Nxf6 28.Nxf6 e4+ 29.
Qg3 Qd8 30.Nxe8 Qxe8 31.Ra2 1-0

[Event "29. Friedensfest-Open (AFRO-A)"]
[Site "Augsburg"]
[Date "2024.08.10"]
[Round "6.12"]
[White "Gruettner, Ralf"]
[Black "Kaufmann, Thorsten"]
[Result "1/2-1/2"]
[WhiteElo "1997"]
[BlackElo "2057"]
[EventDate "2024.08.08"]
[Time "15:30:00"]
[WhiteNrv "1997"]
[BlackNrv "2057"]
[WhiteTwz "1997"]
[BlackTwz "2057"]
[WhiteFideId "4638158"]
[BlackFideId "24647950"]
[WhiteNatFedId "10068500"]
[BlackNatFedId "10101131"]
[WhiteAttr "M"]
[BlackAttr "M"]
[WhiteTeam "SK Freising"]
[BlackTeam "SK Sontheim/Brenz e.V."]
[PlyCount "0"]

1.d4 e6 2.c4 Nf6 3.Nc3 Bb4 4.Qc2 c5 5.dxc5 Bxc5 6.Nf3 Nc6 7.g3 Qb6 8.e3 
Nb4 9.Qb1 Nc6 10.Bg2 a6 11.Bd2 Be7 12.O-O O-O 13.Rd1 d5 14.cxd5 exd5 15.
Be1 Rd8 16.Qc2 Bg4 17.Na4 Qa7 18.h3 Bh5 19.g4 Bg6 20.Qe2 b5 21.Rac1 Rac8 
22.Nc3 b4 23.Nb1 Ne4 24.Nbd2 Nc5 25.Nb3 Nxb3 26.axb3 Be4 27.Ra1 a5 28.Qb5 
d4 29.Nxd4 Bxg2 30.Kxg2 Nxd4 31.exd4 Qa8+ 32.Kg1 Qf3 33.Qd3 Qxd3 34.Rxd3 
Rd5 35.Bd2 Bf6 36.Kf1 Rc2 37.Rc1 Rxc1+ 38.Bxc1 Rxd4 39.Rxd4 Bxd4 40.Ke2 
Kf8 41.f3 Ke7 42.Kd3 Bb6 43.Kc4 Kd6 44.Kb5 Kc7 45.Bf4+ Kb7 46.Be5 g6 47.
Bf6 Bc7 48.Kc5 Ka6 49.Kc6 Bf4 50.Kc5 Bc1 51.Bd4 Bf4 52.Kc6 Bc1 53.Kc5 Bf4 
54.Kc6 1/2-1/2